La casa del exilio: vida y época de Heinrich Mann y Nelly Kroger-Mann

Պահպանված է:
Մատենագիտական մանրամասներ
Հիմնական հեղինակ: Juers, Evelyn (Հեղինակ)
Ձևաչափ: Գիրք
Լեզու:իսպաներեն
Հրապարակվել է: Barcelona Circe 2012
Հրատարակություն:1a. ed
Խորագրեր:
Ցուցիչներ: Ավելացրեք ցուցիչ
Չկան պիտակներ, Եղեք առաջինը, ով նշում է այս գրառումը!

MARC

LEADER 00000cam a2200000 a 4500
001 UCF1885
003 CL-VaPUC
008 120727e20120200SP |||||||||||||||||spa|d
020 |a 9788477652878 
082 0 4 |a 834  |b JUE  |2 21 
100 0 |a Juers, Evelyn  |e author  |9 563417 
245 1 3 |a La casa del exilio: vida y época de Heinrich Mann y Nelly Kroger-Mann 
250 |a 1a. ed 
300 |a 412 p 
942 |c BK 
945 |d 20120727 00:00:00  |a dcastane 
260 |a Barcelona  |b Circe  |c 2012 
650 7 |a ENSAYOS ALEMANES  |2 CL-VaPUC  |9 265772 
650 0 |a Biografías  |9 255210 
583 |a last modification  |c 20120727 13:37:00  |k Rodrigo Vera 
999 |c 348573  |d 348571 
952 |0 0  |1 0  |4 0  |6 834_000000000000000_JUE_2012  |7 0  |8 A  |9 450639  |a BIBING  |b BIBING  |d 2019-11-22  |i 4884280  |o 834 JUE 2012  |p 4884280  |r 2025-01-20  |w 2019-11-22  |y BK  |k CUI